000 00512nam a2200169Ia 4500
008 090201s9999 xx 000 0 und d
010 _aKPL-20235
040 _bमराठी
041 _aमराठी
082 _a23439
_b20235
100 _aअनिल फळणीकर
245 _aप्रेमीका
_cअनिल फळणीकर
260 _c2004
_bप्रिया प्रकाशन
300 _a187
_bमोठा
600 _aप्रेमीका
942 _cBOOK
999 _c222915
_d222915